000 01182nam a22003257a 4500
001 3526346
003 OSt
005 20210421083414.0
008 961107s1997 mdu b 001 0 eng
010 _a 96039676
020 _a0834207397
040 _aeng
_cDLC
_deng
_beng
041 _aeng
050 0 0 _aRA427.8
_b.B74 1997
080 _a614
_bB-85
082 0 0 _a613/.068
_221
100 1 _aBreckon, Donald J.
245 1 0 _aManaging health promotion programs :
_bleadership skills for the 21st century /
_cDonald J. Breckon.
260 _aGaithersburg, Md. :
_bAspen Publishers,
_c1997.
300 _axv, 336 p. ; ill.
_c24 cm.
504 _aIncludes bibliographical references (p. 319-328) and index.
650 0 _aHealth promotion.
650 0 _aPublic Health
_9337
650 0 _aPreventive health services
_xAdministration.
653 _aსაზოგადოებრივი ჯანდაცვა
653 _aპრევენციული მედიცინა
906 _a7
_bcbc
_corignew
_d1
_eocip
_f19
_gy-gencatlg
942 _2udc
_cBK
999 _c725
_d725